1784 1041 1940 1199 1521 1453 1497 1645 1075 1139 1391 1587 1956 1881 1429 1046 1412 1675 1404 1202 1506 1088 1622 1934 1287 1512 1356 1986 1149 1440 1140 1792 1575 1905 1340 1905 1763 1849 1727 1082 1855 1692 1693 1522 1544 1421 1449 1237 1679 1004 1249 1865 1902 1397 1496 1641 1072 1562 1010 1607 1046 1239 1240 1521 1619 1939 1433 1881 1517 1963 1757 1364 1937 1594 1009 1502 1228 1552 1217 1388 1597 1705 1129 1365 1863 1660 1931 1448 1950 1815 1243 1015 1058 1942 1639 1112 1656 1266 1402 BCNSPRNW ULIB Ver.6.0+V

เปลี่ยนเป็นภาษาไทย

Change to English
 แสดงรายละเอียดบรรณานุกรม
  กลับหน้าหลัก

Brief Record : Get Marc (ISO 2709) : E-mail record : QR code < ปิดหน้าต่าง
LEADER : 00000nam 2200000uu 4500
001    13399113542
003     ULIB
008    111125s2553||||th 000 0 tha d
020    ^a9786167123592
090    ^aนว^bม614ม 2553
100 0  ^aมุกกวี
245 0  ^aมายาลิขิตรัก /^cมุกกวี
260    ^aกรุงเทพฯ :^bGreen Mind,^c2553
300    ^a224 หน้า ;^c18 ซม.
650  4 ^aนวนิยายไทย
945    ^p179^l0^i17069
995    ^aกัณชพร
999    ^aใช้งานได้ทุกระบบ
รายการนี้ยังไม่มีแท็ก
คุณยังไม่ได้ล็อกอิน คุณสามารถมีกิจกรรมร่วมกับเว็บไซต์ได้ แต่ต้องล็อกอินก่อน ::
  ล็อกอิน

รายการสื่อสารสนเทศ

ลำดับที่ ประเภท เลขเรียก/บาร์โค้ด สถานที่ สถานะ
1. นวนิยาย
นวนิยาย
นว ม614ม 2553  
  Barcode: 17069
ห้องสมุดวิทยาเขตสวรรค์ประชารักษ์
►นวนิยาย
บนชั้น
  ขอยืม

รายการใกล้เคียง
    หัวเรื่อง [นวนิยายไทย]

BibComment


ยังไม่เคยถูกคอมเมนท์

คอมเมนท์ทรัพยากรรายการนี้
  คอมเมนท์: มายาลิขิตรัก มุ..


 Copyright 2026. Bcnsprnw @Library